<?xml version="1.0" encoding="UTF-8"?>
<record
    xmlns:xsi="http://www.w3.org/2001/XMLSchema-instance"
    xsi:schemaLocation="http://www.loc.gov/MARC21/slim http://www.loc.gov/standards/marcxml/schema/MARC21slim.xsd"
    xmlns="http://www.loc.gov/MARC21/slim">

  <leader>01497    a2200205   4500</leader>
  <controlfield tag="001">48081</controlfield>
  <controlfield tag="005">20260407155746.0</controlfield>
  <controlfield tag="008">260407a1976    arg                 spa d</controlfield>
  <controlfield tag="003">AR-UNSa-BCEJYS</controlfield>
  <datafield tag="040" ind1=" " ind2=" ">
    <subfield code="a">AR-UNSa-BCEJYS</subfield>
    <subfield code="b">spa</subfield>
    <subfield code="c">AR-UNSa-BCEJYS</subfield>
  </datafield>
  <datafield tag="080" ind1=" " ind2=" ">
    <subfield code="a">330.101.542</subfield>
    <subfield code="x">Microeconom&#xED;a</subfield>
  </datafield>
  <datafield tag="245" ind1="1" ind2="0">
    <subfield code="a">Conceptos matem&#xE1;ticos &#xFA;tiles en econom&#xED;a</subfield>
  </datafield>
  <datafield tag="250" ind1=" " ind2=" ">
    <subfield code="a">3a. ed.</subfield>
  </datafield>
  <datafield tag="264" ind1=" " ind2="1">
    <subfield code="a">Buenos Aires :</subfield>
    <subfield code="b">El Coloquio</subfield>
    <subfield code="c">1976</subfield>
  </datafield>
  <datafield tag="300" ind1=" " ind2=" ">
    <subfield code="a">380 p.</subfield>
    <subfield code="c">21 cm.</subfield>
  </datafield>
  <datafield tag="505" ind1=" " ind2=" ">
    <subfield code="a">Parte I: Introducci&#xF3;n: 1. Conjuntos y funciones - 2. Derivada ordinaria, derivada logar&#xED;tmica y elasticidad - 3. Derivadas parciales - 4. Diferenciales - 5. Funciones homog&#xE9;neas y teorema de Euler  - - Parte II: M&#xE1;ximos y m&#xED;nimos: 1. Primer caso: funciones de una variable - 2. Segundo caso: funciones de dos variables - 3. Tercer caso: funciones de dos variables y una restricci&#xF3;n - 4. S&#xED;ntesis - 5. Relaci&#xF3;n entre el valor marginal y el valor medio de una funci&#xF3;n - 6. Un criterio &#xFA;til en est&#xE1;tica comparativa - 7. Conjuntos convexos - 8. Cuarto caso: funci&#xF3;n lineal y restricciones lineales (Programaci&#xF3;n lineal) - 9. Ejercicios  - - Parte III: Aplicaciones: 1. El problema del monopolio: nivel &#xF3;ptimo de producci&#xF3;n - 2. Discriminaci&#xF3;n de Precios - 3. Maximizaci&#xF3;n del beneficio para un nivel de ventas - 4. An&#xE1;lisis de la empresa: el enfoque de la programaci&#xF3;n lineal - 5. Ejercicio de aplicaci&#xF3;n econ&#xF3;mica.</subfield>
  </datafield>
  <datafield tag="942" ind1=" " ind2=" ">
    <subfield code="c">BK</subfield>
  </datafield>
  <datafield tag="590" ind1=" " ind2=" ">
    <subfield code="a">niveau_biblio:m niveau_hierar:0</subfield>
  </datafield>
  <datafield tag="100" ind1="1" ind2=" ">
    <subfield code="a">Fernandez Pol, Jorge E.</subfield>
  </datafield>
  <datafield tag="999" ind1=" " ind2=" ">
    <subfield code="c">4528</subfield>
    <subfield code="d">4528</subfield>
  </datafield>
  <datafield tag="952" ind1=" " ind2=" ">
    <subfield code="0">0</subfield>
    <subfield code="1">0</subfield>
    <subfield code="4">0</subfield>
    <subfield code="7">0</subfield>
    <subfield code="a">BCEJYS</subfield>
    <subfield code="b">BCEJYS</subfield>
    <subfield code="c">16</subfield>
    <subfield code="d">2026-04-07</subfield>
    <subfield code="l">0</subfield>
    <subfield code="o">330.101.542 F362 3ed.</subfield>
    <subfield code="p">L26646</subfield>
    <subfield code="r">2026-04-07 15:57:46</subfield>
    <subfield code="w">2026-04-07</subfield>
    <subfield code="y">L</subfield>
  </datafield>
  <datafield tag="952" ind1=" " ind2=" ">
    <subfield code="0">0</subfield>
    <subfield code="1">0</subfield>
    <subfield code="4">0</subfield>
    <subfield code="7">0</subfield>
    <subfield code="a">BCEJYS</subfield>
    <subfield code="b">BCEJYS</subfield>
    <subfield code="c">16</subfield>
    <subfield code="d">2026-04-07</subfield>
    <subfield code="l">0</subfield>
    <subfield code="o">330.101.542 F362 3ed.</subfield>
    <subfield code="p">L26647</subfield>
    <subfield code="r">2026-04-07 15:57:46</subfield>
    <subfield code="w">2026-04-07</subfield>
    <subfield code="y">L</subfield>
  </datafield>
</record>
